000 00540nam a2200193Ia 4500
008 101110s9999 xx 000 0 und d
041 _aENGLISH
082 _bSR12760
_a657.4
100 _aBroown J.L. & Howard L.R.
245 _aPrinciples & Practice of Management Accountancy
365 _b26.6
520 _aCommerce
546 _aENGLISH
630 _aPrinciples & Practice of Management Accountancy
650 _aCommerce
655 _aCommerce
730 _aPrinciples & Practice of Management Accountancy
942 _cBOOK
999 _c807142
_d807139